Air Jordan 4 - Statistics

General Stats
  • This quiz has been taken 34 times
  • The average score is 9 of 16
Answer Stats
Picture Answer % Correct
black cat
88%
thunder
88%
bred
77%
red thunder
73%
unc / university blue
73%
white cement
69%
military blue
65%
oreo
62%
lightning
58%
fire red
50%
raptor
50%
taupe haze
35%
toro bravo
31%
doernbecher
27%
canyon purple
19%
fiba
4%
No matching quizzes found
Score Distribution
Percent of People with Each Score
Percentile by Number Answered
Your Score History
You have not taken this quiz